First German Cities in History to Reach 100,000 People - Statistics

General Stats
  • This quiz has been taken 1,190 times
  • The average score is 28 of 55
Answer Stats
Year City % Correct
1745 Berlin
99%
1850 Munich
98%
1780 Hamburg
96%
1852 Cologne
94%
1875 Frankfurt am Main
94%
1852 Dresden
91%
1875 Bremen
89%
1871 Leipzig
89%
1874 Stuttgart
89%
1882 Düsseldorf
87%
1881 Nuremberg
87%
1875 Hanover
83%
1894 Dortmund
82%
1896 Essen
82%
1900 Kiel
76%
1888 Aachen
70%
1909 Augsburg
66%
1882 Magdeburg
66%
1912 Lübeck
65%
1897 Mannheim
65%
1909 Saarbrücken
65%
1908 Mainz
64%
1903 Duisburg
63%
1930 Bielefeld
62%
1915 Münster
62%
1883 Chemnitz
57%
1906 Erfurt
57%
1904 Bochum
56%
1901 Karlsruhe
56%
1899 Kassel
51%
1890 Braunschweig
50%
1890 Halle
50%
1903 Gelsenkirchen
46%
1905 Wiesbaden
45%
1921 Mönchengladbach
42%
1893 Charlottenburg
35%
1884 Altona
30%
1888 Krefeld
30%
1914 Oberhausen
30%
1928 Hagen
27%
1921 Ludwigshafen am Rhein
26%
1929 Solingen
26%
1908 Mülheim an der Ruhr
21%
1914 Spandau
19%
1902 Rixdorf (Neukölln)
18%
1927 Harburg-Wilhelmsburg
14%
1904 Plauen
13%
1929 Remscheid
13%
1905 Schöneberg
10%
1884 Barmen
9%
1884 Elberfeld
8%
1912 Lichtenberg
7%
1909 Wilmersdorf
7%
1925 Buer
3%
1910 Hamborn
2%
No matching quizzes found
Score Distribution
Percent of People with Each Score
Percentile by Number Answered
Your Score History
You have not taken this quiz